MESSI VS RONALDO - Statistics

General Stats
  • This quiz has been taken 344 times
  • The average score is 8 of 10
Answer Stats
Question Answer % Correct
Who can pass more Messi
100%
Who has more shot power Ronaldo
100%
Who used to play for Man United Ronaldo
100%
Who is taller Ronaldo
100%
Who can dribble more Messi
92%
Who plays for the position RW Messi
85%
Who is the goat of football Messi
77%
Who is Faster Ronaldo
77%
Who is more skillful Messi
69%
What shirt number is number 7 Messi
0%
No matching quizzes found
Score Distribution
Percent of People with Each Score
Percentile by Number Answered
Your Score History
You have not taken this quiz